كيف تنشأ و تدير فندقا صغيرا (موتيل) : (Record no. 62511)
[ view plain ]
| 000 -الفاتح | |
|---|---|
| حقل البيانات ثابتة الطول | 01007nam a22002297a 4500 |
| 005 - وقت وتاريخ اخر تعامل مع التسجيلة | |
| رقم الضبط | 20240530110553.0 |
| 008 - عناصر البيانات ثابتة الطول - معلومات عامة | |
| حقل البيانات ثابتة الطول | 160730s2014 ua ||||f b 00| 0 ara d |
| 017 ## - رقم الايداع القانونى | |
| رقم الايداع القانونى | 2013/17816 |
| المصدر ( الهيئة المختصة) | مصر. دار الكتب الوطنية |
| 020 ## - الرقم الدولى المعيارى للكتب | |
| الرقم الدولى المعيارى للكتاب | 9789773832850 |
| 040 ## - مصدر الفهرسة | |
| وكالة الفهرسة الأصلية | EG-CaGPL |
| 082 04 - رقم تصنيف ديوى العشرى | |
| رقم التصنيف | 658.15937/ |
| رقم المادة | م ك |
| رقم الطبعة | 21 |
| 245 00 - بيان العنوان | |
| العنوان | كيف تنشأ و تدير فندقا صغيرا (موتيل) : |
| بقية العنوان | طريقة عملية لانشاء فندق صغير بمدينة او بطريق سريع / |
| بيان المسئوليه,etc | ترجمة واعداد محمد عبد السلام داود. |
| 246 30 - العنوان الموازى | |
| عنوان صحيح/عنوان مختصر | موتيل |
| 250 ## - بيان الطبعة | |
| بيان الطبعة | ط. 1. |
| 260 ## - PUBLICATION, DISTRIBUTION, ETC. (IMPRINT) | |
| تاريخ النشر أو التوزيع | 2014. |
| 300 ## - الوصف المادى | |
| التعداد | 264 ص. : |
| تفاصيل ماديه اخرى للوعاء | رسومات ؛ |
| أبعاد الوعاء | 24 سم. |
| 504 ## - تبصرة ببليوجرافية | |
| تبصرة ببليوجرافية,الخ | ببليوجرافية : ص. 264. |
| 650 #4 - المدخل الاضافى بالموضوع-مصطلح موضوعى | |
| مصطلح موضوعي | الموتيلات |
| التقسيم الفرعي العام | تنظيم وادارة |
| 700 0# - المدخل الاضافى - اسم شخصى | |
| الإسم الشخصى | محمد عبد السلام داود |
| الدور | مترجم ومعد. |
| 942 ## - عناصر المدخل الإضافي( كوها) | |
| مصدر التصنيف او مخطط الترفيف | Dewey Decimal Classification |
| Koha [default] item type | كتاب |
| 260 ## - PUBLICATION, DISTRIBUTION, ETC. (IMPRINT) | |
| -- | القاهرة : |
| -- | ايتراك للطباعة والنشر والتوزيع، |
| حالة التراجع | حالة الفقد | حالة تلف | ليس للاعارة | المكان المؤقت | الموقع الحالى | تاريخ الاكتساب | اجمالي اﻻعارات | رقم الطلب | الباركود | تاريخ اخر مشاهدة | تاريخ تفعيل السعر | نوع وعاء كوها |
|---|---|---|---|---|---|---|---|---|---|---|---|---|
| مكتبة القاهرة الكبرى | مكتبة القاهرة الكبرى | 07/30/2016 | 658.15937/ م ك | 162267 | 07/30/2016 | 07/30/2016 | كتاب |

